000
00365nam a2200133Ia 4500
003
GCL
008
140319s9999 xx 000 0 ara d
040
_a
GCL /
_c
GCL
082
0
4
_a
225
_b
م ا
245
1
0
_a
اسماء الجموع فى القران الكريم
260
_a
[S.N] :
_b
مكتبه النهضه المصريه ،
_c
1988
300
_a
141 ص
490
_a
999
_c
54539
_d
54539